|
|
|
|
| LEADER |
00000nam0a2200000 4500 |
| 001 |
254968 |
| 005 |
20231101233001.0 |
| 020 |
|
|
|a RU
|b 88-89652
|
| 035 |
|
|
|a (RuTPU)RU\TPU\book\277470
|
| 090 |
|
|
|a 254968
|
| 100 |
|
|
|a 20140325d1988 k a0rusy5003 ca
|
| 101 |
0 |
|
|a rus
|
| 102 |
|
|
|a RU
|
| 105 |
|
|
|a a z 001zy
|
| 200 |
1 |
|
|a Структурные особенности осадочных формаций
|e сборник научных трудов
|f Академия наук СССР (АН СССР), Сибирское отделение (СО), Институт геологии и геофизики (ИГиГ) ; под ред. В. В. Благовидова, В. В. Параева
|
| 210 |
|
|
|a Новосибирск
|c Изд-во ИГИГ
|d 1988
|
| 215 |
|
|
|a 150 с., [1] л. ил.
|c ил.
|
| 320 |
|
|
|a Библиогр. в конце ст.
|
| 606 |
1 |
|
|a Осадочные породы
|x Петрография
|2 stltpush
|3 (RuTPU)RU\TPU\subj\48704
|9 67551
|
| 610 |
1 |
|
|a геологические формации
|
| 610 |
1 |
|
|a строение
|
| 610 |
1 |
|
|a структура
|
| 610 |
1 |
|
|a горючие сланцы
|
| 610 |
1 |
|
|a литология
|
| 610 |
1 |
|
|a фосфориты
|
| 675 |
|
|
|a 552.5
|z rus
|
| 702 |
|
1 |
|a Благовидов
|b В. В.
|4 340
|
| 702 |
|
1 |
|a Параев
|b В. В.
|4 340
|
| 712 |
0 |
2 |
|a Академия наук СССР (АН СССР)
|b Сибирское отделение (СО)
|b Институт геологии и геофизики (ИГиГ)
|c (Новосибирск)
|2 stltpush
|3 (RuTPU)RU\TPU\col\128
|
| 801 |
|
0 |
|a RU
|b RuMRKP
|c 19960705
|g psbo
|
| 801 |
|
1 |
|a RU
|b 63413507
|c 20140325
|
| 801 |
|
2 |
|a RU
|b 63413507
|c 20140626
|g RCR
|
| 942 |
|
|
|c BK
|